| Tag |
First Indicator |
Second Indicator |
Subfields |
| LEADER |
00000cam a2200000 4500 |
| 001 |
in00000028775 |
| 005 |
20151007062832.0 |
| 008 |
770126s1918 sp 00000 spa |
| 010 |
|
|
|a 19006839
|
| 035 |
|
|
|a (OCoLC)02701593
|
| 035 |
|
|
|9 AAD5904AM
|
| 040 |
|
|
|a DLC
|c UCW
|d TXA
|d UtOrBLW
|
| 049 |
|
|
|a TXAS
|c [1700907]
|
| 050 |
|
0 |
|a F2313
|b .M53
|
| 100 |
1 |
|
|a Mendoza, Daniel,
|d 1823-1860.
|
| 245 |
1 |
3 |
|a El llanero (estudio de sociologia venezolana).
|
| 264 |
|
1 |
|a Madrid :
|b Editorial-America,
|c [1918?]
|
| 300 |
|
|
|a 208 pages ;
|c 20 cm.
|
| 336 |
|
|
|a text
|b txt
|2 rdacontent
|
| 337 |
|
|
|a unmediated
|b n
|2 rdamedia
|
| 338 |
|
|
|a volume
|b nc
|2 rdacarrier
|
| 490 |
1 |
|
|a Biblioteca de ciencias politicas y sociales,
|v 24
|
| 500 |
|
|
|a "Daniel Mendoza" [biografia]: pages [7]-9.
|
| 650 |
|
0 |
|a Llanos.
|
| 651 |
|
0 |
|a Venezuela
|x Description and travel.
|
| 651 |
|
0 |
|a Venezuela
|x Social life and customs.
|
| 830 |
|
0 |
|a Biblioteca de ciencias politicas y sociales ;
|v 24.
|
| 999 |
|
|
|a MARS
|
| 999 |
f |
f |
|s 5d19dd42-302c-3e90-acc2-14eb846cdf6b
|i 3403cc70-b8c5-3410-b985-607d093d6e81
|t 0
|
| 952 |
f |
f |
|p noncirc
|a Texas A&M University
|b College Station
|c Cushing Memorial Library & Archives
|d Cushing: Dykes (Does not check out)
|t 0
|e F2313 .M53
|h Library of Congress classification
|i unmediated -- volume
|m A14851741794
|
| 998 |
f |
f |
|a F2313 .M53
|t 0
|l Cushing: Dykes (Does not check out)
|